Artefacto/ (Record no. 3970)

MARC details
000 -LEADER
campo de control de longitud fija 01744nam a22005297a 4500
003 - IDENTIFICADOR DE NÚMERO DE CONTROL
campo de control OSt
005 - FECHA Y HORA DE LA ÚLTIMA TRANSACCIÓN
campo de control 20230629091854.0
008 - DATOS DE LONGITUD FIJA--INFORMACIÓN GENERAL
campo de control de longitud fija 170318s2016 gt||||| |||| 00| 0 spa d
040 ## - FUENTE DE CATALOGACIÓN
Centro/agencia transcriptor Lado V
082 04 - NÚMERO DE LA CLASIFICACIÓN DECIMAL DEWEY
Número de clasificación 700
Número de ítem J91a
100 ## - ENTRADA PRINCIPAL--NOMBRE DE PERSONA
Nombre de persona Juarez M., Juan Bautista
9 (RLIN) 861
Término indicativo de función/relación editor
245 10 - MENCIÓN DEL TÍTULO
Título Artefacto/
Resto del título Revista de Arte y Cultura en Blanco y Negro/
260 ## - PUBLICACIÓN, DISTRIBUCIÓN, ETC.
Lugar de publicación, distribución, etc. Nicaragua
Nombre del editor, distribuidor, etc. Artes Graficas y Ediciones
Fecha de publicación, distribución, etc. 1992
300 ## - DESCRIPCIÓN FÍSICA
Extensión 110p.
Dimensiones 22x28 cm
490 ## - MENCIÓN DE SERIE
Mención de serie 16-17
Designación de volumen o secuencia 1992
505 ## - NOTA DE CONTENIDO CON FORMATO
Nota de contenido con formato Breve Historia
505 ## - NOTA DE CONTENIDO CON FORMATO
Nota de contenido con formato Sin pelos en la sopa
505 ## - NOTA DE CONTENIDO CON FORMATO
Nota de contenido con formato Poco antes del siglo XXI
505 ## - NOTA DE CONTENIDO CON FORMATO
Nota de contenido con formato Centro América y el Caribe
505 ## - NOTA DE CONTENIDO CON FORMATO
Nota de contenido con formato Desciframe o te devoro
505 ## - NOTA DE CONTENIDO CON FORMATO
Nota de contenido con formato Echados del paraíso
505 ## - NOTA DE CONTENIDO CON FORMATO
Nota de contenido con formato Discotheque gay para jóvenes de la tercera edad
505 ## - NOTA DE CONTENIDO CON FORMATO
Nota de contenido con formato Femalia
505 ## - NOTA DE CONTENIDO CON FORMATO
Nota de contenido con formato Canón de Alcoba
505 ## - NOTA DE CONTENIDO CON FORMATO
Nota de contenido con formato La niña se ha vuelto loca
505 ## - NOTA DE CONTENIDO CON FORMATO
Nota de contenido con formato Catalejo Catalejo cuál es la literatura más bonita?
505 ## - NOTA DE CONTENIDO CON FORMATO
Nota de contenido con formato 20 páginas arrancadas
505 ## - NOTA DE CONTENIDO CON FORMATO
Nota de contenido con formato Sos un revolucionario
505 ## - NOTA DE CONTENIDO CON FORMATO
Nota de contenido con formato Actos en visión
505 ## - NOTA DE CONTENIDO CON FORMATO
Nota de contenido con formato Celebración del poeta-mago
505 ## - NOTA DE CONTENIDO CON FORMATO
Nota de contenido con formato Pimeros recuerdos de la huerta
505 ## - NOTA DE CONTENIDO CON FORMATO
Nota de contenido con formato Al alimón sobre el cuerpo
505 ## - NOTA DE CONTENIDO CON FORMATO
Nota de contenido con formato Phytia
505 ## - NOTA DE CONTENIDO CON FORMATO
Nota de contenido con formato El último oficio del siglo XX
505 ## - NOTA DE CONTENIDO CON FORMATO
Nota de contenido con formato Morena la tentadora
505 ## - NOTA DE CONTENIDO CON FORMATO
Nota de contenido con formato La pelicula
505 ## - NOTA DE CONTENIDO CON FORMATO
Nota de contenido con formato Plastica de los 90
505 ## - NOTA DE CONTENIDO CON FORMATO
Nota de contenido con formato Reminicencias romanas
505 ## - NOTA DE CONTENIDO CON FORMATO
Nota de contenido con formato Chavalas UCA-UNAM
505 ## - NOTA DE CONTENIDO CON FORMATO
Nota de contenido con formato Artistas internacionales
505 ## - NOTA DE CONTENIDO CON FORMATO
Nota de contenido con formato Veredictos
650 ## - PUNTO DE ACCESO ADICIONAL DE MATERIA--TÉRMINO DE MATERIA
Fuente del encabezamiento o término Tesauro de Arte & Arquitectura
Término de materia o nombre geográfico como elemento de entrada ARTE
650 ## - PUNTO DE ACCESO ADICIONAL DE MATERIA--TÉRMINO DE MATERIA
Fuente del encabezamiento o término Tesauro de Arte & Arquitectura
Término de materia o nombre geográfico como elemento de entrada CULTURA
650 ## - PUNTO DE ACCESO ADICIONAL DE MATERIA--TÉRMINO DE MATERIA
Fuente del encabezamiento o término Tesauro de Arte & Arquitectura
Término de materia o nombre geográfico como elemento de entrada LITERATURA
700 1# - ENTRADA AGREGADA--NOMBRE PERSONAL
Nombre de persona Svankmajer.
Término indicativo de función/relación ilustrador.
9 (RLIN) 5749
942 ## - ELEMENTOS DE ENTRADA SECUNDARIOS (KOHA)
Fuente del sistema de clasificación o colocación Clasificación Decimal Dewey
Tipo de ítem Koha Libros
Parte de la signatura que corresponde a la clasificación (Parte de la clasificación) 700
Parte de la signatura que identifica el ejemplar (Parte del ítem) J91a
Suprimir en OPAC No
Holdings
Estatus retirado Estado de pérdida Fuente del sistema de clasificación o colocación Especificación de materiales (volumen encuadernado u otra parte) Estado de daño No para préstamo Colección Biblioteca de origen Biblioteca actual Fecha de adquisición Enumeración/cronología de publicación seriada Número de inventario Total de préstamos Signatura topográfica completa Código de barras Visto por última vez Precio de reemplazo Tipo de ítem Koha
    Clasificación Decimal Dewey 1992     Revistas Biblioteca LadoV Biblioteca LadoV 29/06/2023 16-17 003540   700 J91a 003540 29/06/2023 29/06/2023 Libros